[Event "New Delhi Skillcraft U1800 op 1st"]
[Site "New Delhi"]
[Date "2025.01.10"]
[Round "1"]
[White "Rohit, S."]
[Black "Kohli, Chahat"]
[Result "1-0"]
[WhiteElo "1782"]
[BlackElo "1444"]
[PlyCount "113"]
[EventDate "2025.01.10"]
[EventType "swiss"]
[EventRounds "9"]
[EventCountry "IND"]
[SourceTitle "CB12_2025"]
[SourceDate "2025.03.19"]
[SourceVersion "1"]
[SourceVersionDate "2025.03.19"]
[SourceQuality "1"]

1. e4 g6 2. d4 Bg7 3. Nc3 d6 4. Be3 Nd7 5. h4 Ngf6 6. f3 e5 7. d5 a5 8. Qd2 b6 9. 0-0-0 Nc5 10. Kb1 Bd7 11. g4 Qb8 12. Bh6 Bf8 13. Bxf8 Rxf8 14. Qg5 Qd8 15. Nh3 Ng8 16. Be2 h6 17. Qxd8+ Kxd8 18. h5 g5 19. Bb5 Bxb5 20. Nxb5 Ne7 21. b3 Nc8 22. a3 Na7 23. Nc3 b5 24. b4 axb4 25. axb4 Na4 26. Nxa4 bxa4 27. Kb2 Nb5 28. c3 Kd7 29. Ng1 a3+ 30. Kc2 a2 31. Ne2 Ra6 32. Ra1 Rfa8 33. Kd3 Ra3 34. Rhc1 c6 35. dxc6+ Kxc6 36. Kd2 Kb6 37. Rc2 Nc7 38. Nc1 d5 39. Rcxa2 Rxa2+ 40. Rxa2 Rxa2+ 41. Nxa2 dxe4 42. fxe4 Kb5 43. Kd3 Ne6 44. c4+ Kc6 45. Nc3 Nf4+ 46. Kc2 Ne6 47. c5 Nd4+ 48. Kd3 Nb5 49. Nxb5 Kxb5 50. Kc3 f6 51. Kd3 Kxb4 52. c6 Kb5 53. c7 Kb6 54. c8Q Ka5 55. Qb7 Ka4 56. Kc4 Ka5 57. Qa7# 1-0